Health and medicine in the reformed tradition : (Record no. 41667)
[ view plain ]
| 000 -LEADER | |
|---|---|
| fixed length control field | 01138cam a2200301 a 4500 |
| 001 - CONTROL NUMBER | |
| control field | 933927 |
| 005 - DATE AND TIME OF LATEST TRANSACTION | |
| control field | 20180430091033.0 |
| 008 - FIXED-LENGTH DATA ELEMENTS--GENERAL INFORMATION | |
| fixed length control field | 830818s1984 nyu b 000 0 eng |
| 010 ## - LIBRARY OF CONGRESS CONTROL NUMBER | |
| LC control number | 83015295 |
| 020 ## - INTERNATIONAL STANDARD BOOK NUMBER | |
| International Standard Book Number | 082450612X |
| 040 ## - CATALOGING SOURCE | |
| Original cataloging agency | DLC |
| Transcribing agency | DLC |
| Modifying agency | DLC |
| 100 1# - MAIN ENTRY--PERSONAL NAME | |
| Personal name | Vaux, Kenneth L., |
| Dates associated with a name | 1939- |
| 245 10 - TITLE STATEMENT | |
| Title | Health and medicine in the reformed tradition : |
| Remainder of title | promise, providence, and care / |
| Statement of responsibility, etc | Kenneth L. Vaux. |
| 260 ## - PUBLICATION, DISTRIBUTION, ETC. (IMPRINT) | |
| Place of publication, distribution, etc | New York : |
| Name of publisher, distributor, etc | Crossroad, |
| Date of publication, distribution, etc | 1984. |
| 300 ## - PHYSICAL DESCRIPTION | |
| Extent | xiii, 149 p. ; |
| Dimensions | 24 cm. |
| 336 ## - CONTENT TYPE | |
| Content Type Term | text |
| 337 ## - MEDIA TYPE | |
| Media Type Term | unmediated |
| 338 ## - CARRIER TYPE | |
| Carrier Type Term | volume |
| 440 #0 - SERIES STATEMENT/ADDED ENTRY--TITLE | |
| Title | Health/medicine and the faith traditions |
| 504 ## - BIBLIOGRAPHY, ETC. NOTE | |
| Bibliography, etc | Includes bibliographical references. |
| 650 #0 - SUBJECT ADDED ENTRY--TOPICAL TERM | |
| Topical term or geographic name as entry element | Health |
| General subdivision | Religious aspects |
| -- | Reformed Church |
| -- | History of doctrines. |
| 650 #0 - SUBJECT ADDED ENTRY--TOPICAL TERM | |
| Topical term or geographic name as entry element | Medicine |
| General subdivision | Religious aspects |
| -- | Reformed Church |
| -- | History of doctrines. |
| 650 #0 - SUBJECT ADDED ENTRY--TOPICAL TERM | |
| Topical term or geographic name as entry element | Reformed Church |
| General subdivision | Doctrines |
| -- | History. |
| 650 #0 - SUBJECT ADDED ENTRY--TOPICAL TERM | |
| Topical term or geographic name as entry element | Health |
| General subdivision | Religious aspects |
| -- | Presbyterian Church |
| -- | History of doctrines. |
| 650 #0 - SUBJECT ADDED ENTRY--TOPICAL TERM | |
| Topical term or geographic name as entry element | Medicine |
| General subdivision | Religious aspects |
| -- | Presbyterian Church |
| -- | History of doctrines. |
| 650 #0 - SUBJECT ADDED ENTRY--TOPICAL TERM | |
| Topical term or geographic name as entry element | Presbyterian Church |
| General subdivision | Doctrines |
| -- | History. |
| 942 ## - ADDED ENTRY ELEMENTS (KOHA) | |
| Source of classification or shelving scheme | Library of Congress Classification |
| Item type | Books |
| Withdrawn status | Lost status | Source of classification or shelving scheme | Damaged status | Not for loan | Home library | Current library | Shelving location | Date acquired | Source of acquisition | Inventory number | Total Checkouts | Full call number | Barcode | Date last seen | Price effective from | Koha item type | Copy number |
|---|---|---|---|---|---|---|---|---|---|---|---|---|---|---|---|---|---|
| Library of Congress Classification | BSOP Library | BSOP Library | GC | 04/30/2018 | 40702 | BX9423.H43 V46 1984 | 00051702 | 04/30/2018 | 04/30/2018 | Books | |||||||
| Library of Congress Classification | BSOP Library | BSOP Library | GC | 03/24/2025 | 34727 | BX9423.H43 V46 1984 | 00041208 | 03/24/2025 | 03/24/2025 | Books | c.2 |
